[Event "Tourn. n9918"]
[Site "www.echecsemail.com"]
[Date "2018.10.24"]
[Round "1"]
[White "Minorsana"]
[Black "Alcon"]
[WhiteElo "1899"]
[BlackElo "1199"]
[Result "0-1"]
[Round "1"]
1.e4 b6
2.d4 Bc8b7
3.Bf1d3 e6
4.Ng1f3 g6
5.Bc1g5 f6
6.Bg5f4 Bf8g7
7.Nb1c3 Ng8e7
8.d5 exd5
9.exd5 d6
10.Nf3d4 Ne7xd5
11.Qd1f3 Nd5xf4
12.Qf3xb7 Nb8d7
13.Bd3c4 Kf8
14.O-O-O Nd7e5
15.Bc4d5 Ra8b8
16.Qb7xa7 Qd8c8
17.Nd4b5 Nf4xd5
18.Nc3xd5 Rb8b7
 { time }
0-1

[Event "1/32 Finale"]
[Site "www.chess-mail.com"]
[Date "2018.10.24"]
[Round "1"]
[White "Reignblowcan"]
[Black "Destructor"]
[WhiteElo "2570"]
[BlackElo "2460"]
[Result "0-1"]
[Round "1"]
1.e4 c5
2.Ng1f3 Nb8c6
3.c3 Ng8f6
4.d4 Nf6xe4
5.d5 Nc6b8
6.Bc1e3 e6
7.c4 Bf8e7
8.Bf1d3 exd5
9.cxd5 Ne4f6
10.Nb1c3 d6
11.h3 O-O
12.O-O Rf8e8
13.Rf1e1 Nb8d7
14.a4 Be7f8
15.Qd1b3 h6
16.Be3f4 Re8xe1
17.Ra1xe1 a6
18.Nf3d2 Qd8a5
19.Nd2c4 Qa5b4
20.Qb3a2 Nd7b6
21.a5 Nb6xc4
22.Bd3xc4 Bc8f5
23.Bf4d2 b5
24.axb6 Qb4xb6
25.g4 Bf5h7
26.Kg2 Qb6d8
27.Bd2f4 h5
28.f3 Nf6d7
29.Nc3e4 a5
30.Bf4g3 Bh7xe4
31.Re1xe4 h4
32.Bg3f4 g5
33.Bf4d2 Bf8g7
34.Bc4b5 Bg7d4
35.Qa2a4 Nd7e5
36.b3 Qd8f6
37.Bb5e2 Ra8b8
{ resign }
0-1

[Event "1/128 Finale"]
[Site "www.chess-mail.com"]
[Date "2018.10.24"]
[Round "1"]
[White "Dougbeer"]
[Black "Hennie4820"]
[WhiteElo "2350"]
[BlackElo "1950"]
[Result "1-0"]
[Round "1"]
1.e4 c5
2.Nb1c3 e6
3.f4 Nb8c6
4.Ng1f3 Ng8f6
5.Bf1b5 Qd8c7
6.e5 Nf6d5
7.Nc3xd5 exd5
8.c3 Bf8e7
9.d4 c4
10.O-O O-O
11.f5 f6
12.Bb5a4 fxe5
13.dxe5 Nc6xe5
14.Qd1xd5 Ne5f7
15.Bc1e3 d6
16.Nf3d2 Bc8d7
17.Ba4xd7 Qc7xd7
18.Ra1d1 Kh8
19.Nd2xc4 b6
20.Be3d4 Ra8d8
21.f6 Be7xf6
22.Rf1xf6 Qd7g4
23.Nc4e3 Qg4d7
24.Rd1f1 { resign }
1-0

[Event "Tourn. n9935"]
[Site "www.echecsemail.com"]
[Date "2018.10.25"]
[Round "1"]
[White "Traub"]
[Black "Alcon"]
[WhiteElo "1590"]
[BlackElo "1569"]
[Result "1-0"]
[Round "1"]
1.d4 d6
2.e4 g6
3.Ng1f3 Bf8g7
4.Bf1c4 Ng8f6
5.Nb1c3 O-O
6.O-O a6
7.Qd1e2 b5
8.Bc4d3 Nb8d7
9.e5 dxe5
10.dxe5 Nf6g4
11.e6 Nd7e5
12.Nf3xe5 Ng4xe5
13.Rf1d1 Bc8xe6
14.Bd3e4 Ne5d7
{ time. }
1-0

[Event "Match"]
[Site "www.echecsemail.com"]
[Date "2018.10.25"]
[Round "1"]
[White "Apdash"]
[Black "Zack1984"]
[WhiteElo "2240"]
[BlackElo "1950"]
[Result "0-1"]
[Round "1"]
1.d4 b5
2.e4 a6
3.c4 Bc8b7
4.d5 e6
5.Nb1c3 Bf8b4
6.Qd1b3 Qd8e7
7.Bc1d2 exd5
8.cxb5 d4
9.Nc3d5 Qe7xe4
10.Kd1 Bb7xd5
11.Qb3xb4 axb5
12.Qb4xb5 Bd5xa2
13.Ra1xa2 Qe4b1
14.Bd2c1 Qb1xa2
15.Qb5e5 Ng8e7
16.Qe5xg7 Qa2b3
17.Kd2 Qb3b4
18.Kd1 Rh8g8
19.Qg7xh7 Ra8a1
20.Qh7c2 Rg8g5
21.Ng1e2 Rg5c5
22.Qc2d2 Qb4b3
23.Ke1 Nb8c6
24.f3 Rc5c2
25.Qd2h6 Ne7f5
26.Qh6h8 Ke7
27.Qh8h5 Ra1xc1
28.Ne2xc1 Qb3e3
{ resign }
0-1

[Event "Match"]
[Site "www.echecsemail.com"]
[Date "2018.10.25"]
[Round "1"]
[White "Minorsana"]
[Black "Micheles"]
[WhiteElo "1459"]
[BlackElo "2550"]
[Result "0-1"]
[Round "1"]
1.e4 c6
2.d4 d5
3.e5 Bc8f5
4.Ng1f3 e6
5.Bf1e2 Nb8d7
6.O-O Ng8e7
7.c3 c5
8.dxc5 Nd7xc5
9.Bc1e3 Ne7c6
10.Nf3d4 Bf5g6
11.c4 dxc4
12.Nd4xc6 bxc6
13.Nb1d2 c3
14.bxc3 Bf8e7
15.Nd2b3 Nc5d7
16.f4 O-O
17.Nb3d4 Be7c5
18.Be3f2 Bg6e4
19.Nd4b3 Bc5xf2
20.Rf1xf2 Nd7b6
21.c4 Qd8xd1
22.Ra1xd1 Ra8d8
23.Rf2f1 Nb6a4
24.Rd1xd8 Rf8xd8
25.Rf1c1 Kf8
26.Kf2 c5
27.h4 Ke7
28.g4 Be4c6
29.Rc1d1 Rd8xd1
 { time }
0-1

[Event "Match"]
[Site "www.echecsemail.com"]
[Date "2018.10.25"]
[Round "1"]
[White "Apdash"]
[Black "Babedad"]
[WhiteElo "2080"]
[BlackElo "2220"]
[Result "1/2-1/2"]
[Round "1"]
1.d4 Ng8f6
2.c4 e6
3.a3 b6
4.Nb1c3 Bc8b7
5.Bc1g5 d5
6.cxd5 exd5
7.Ng1f3 Bf8e7
8.e3 O-O
9.Bf1d3 Nf6e4
10.Bg5xe7 Qd8xe7
11.O-O c6
12.Nf3e5 f6
13.Ne5f3 Nb8d7
14.Nf3d2 f5
15.Nd2xe4 fxe4
16.Bd3e2 Nd7f6
17.b4 Ra8d8
18.h3 h6
19.Qd1a4 Bb7a8
20.Ra1e1 Nf6h7
21.b5 c5
22.dxc5 Qe7xc5
23.Re1c1 Qc5e7
24.Qa4b3 Nh7g5
25.Be2g4 Qe7e5
26.Rc1d1 h5
27.Bg4e2 Ng5xh3
28.gxh3 Qe5f5
29.Kh2 Ba8b7
30.Rd1d4 Qf5e5
31.Kh1 Qe5f5
32.Kg2 Qf5g5
33.Kh2 Qg5e5
{ draw }
1/2-1/2

[Event "Tourn. n9951"]
[Site "www.echecsemail.com"]
[Date "2018.10.25"]
[Round "1"]
[White "Roque1"]
[Black "Odin"]
[WhiteElo "1820"]
[BlackElo "1940"]
[Result "1-0"]
[Round "1"]
1.e4 e5
2.Ng1f3 Nb8c6
3.Bf1b5 a6
4.Bb5a4 b5
5.Ba4b3 h6
6.O-O Ng8f6
7.d3 Bf8c5
8.Nb1c3 O-O
9.Bc1d2 d6
10.Nc3d5 Nf6g4
11.Qd1e2 a5
12.a3 Bc8b7
13.c4 Rf8e8
14.h3 Ng4f6
15.cxb5 Nc6d4
16.Nf3xd4 Bc5xd4
17.Bd2c3 Bd4a7
18.Bc3xa5 Nf6xd5
19.Bb3xd5 Bb7xd5
20.exd5 f5
21.Ra1c1 Qd8h4
22.Ba5xc7 e4
23.Bc7xd6 exd3
24.Qe2xd3 Ba7b6
25.Qd3xf5 Ra8d8
26.Bd6c5 Bb6xc5
27.Rc1xc5 Qh4e7
28.Rf1c1 Qe7e5
29.Qf5xe5 Re8xe5
30.Rc1d1 Rd8f8
31.b6 Rf8b8
32.Rc5c6 Re5e2
33.d6 Rb8f8
34.f3 Re2xb2
35.d7 Kh7
36.Rc6c8 Rf8f6
37.d8Q Kg6
38.Qd8d3 Kf7
39.Rd1c1 Rb2xb6
40.Rc1c7 Ke6
41.Rc8e8 
1-0

[Event "Tourn. n9892"]
[Site "www.echecsemail.com"]
[Date "2018.10.25"]
[Round "1"]
[White "Seger"]
[Black "Szustan"]
[WhiteElo "2870"]
[BlackElo "2590"]
[Result "1/2-1/2"]
[Round "1"]
1.d4 d5
2.c4 dxc4
3.Nb1c3 Ng8f6
4.Ng1f3 a6
5.e4 b5
6.e5 Nf6d5
7.a4 e6
8.axb5 Nd5b6
9.Bf1e2 Bc8b7
10.O-O axb5
11.Ra1xa8 Bb7xa8
12.Nc3xb5 Bf8e7
13.Qd1d2 O-O
14.Qd2f4 Kh8
15.Rf1d1 Nb8c6
16.Nb5c3 Nc6b4
17.Qf4g4 Nb4d5
18.Bc1d2 Nd5xc3
19.bxc3 Qd8d7
20.h3 Qd7b5
21.Nf3h2 Nb6d5
22.Nh2f1 Qb5b3
23.Qg4g3 c5
24.Rd1c1 Qb3a2
25.dxc5 Be7xc5
26.Be2f3 h6
27.Rc1d1 Rf8b8
28.Qg3h4 Kg8
29.Bf3xd5 Ba8xd5
30.Bd2e3 Bc5f8
31.Be3d4 Qa2a8
32.f3 Rb8b2
33.Nf1e3 Qa8b7
34.Rd1c1 Bf8e7
35.Qh4g3 Qb7b5
{ draw }
1/2-1/2

[Event "Tourn. n9914"]
[Site "www.echecsemail.com"]
[Date "2018.10.25"]
[Round "1"]
[White "Hundegana"]
[Black "Alessiov"]
[WhiteElo "2060"]
[BlackElo "2260"]
[Result "1-0"]
[Round "1"]
1.e4 e5
2.Bf1c4 Ng8f6
3.Nb1c3 Bf8c5
4.Ng1f3 d6
5.d4 exd4
6.Nf3xd4 O-O
7.O-O Nb8d7
8.Bc1g5 c6
9.Nd4b3 Bc5b4
10.f3 h6
11.Bg5f4 d5
12.exd5 Nd7b6
13.Bc4e2 Nf6xd5
14.Nc3xd5 Nb6xd5
15.g3 Bb4c3
16.bxc3 Nd5xf4
17.gxf4 Qd8c7
18.Qd1d4 Bc8f5
19.Kh1 Bf5g6
20.Rf1g1 Ra8d8
21.Qd4e5 Qc7d6
22.Qe5xd6 Rd8xd6
23.Ra1d1 Rd6f6
24.Rd1d7 Rf8e8
25.Be2d3 Bg6xd3
26.cxd3 Rf6xf4
27.Rd7xb7 Rf4xf3
28.Rb7xa7 g6
29.Nb3d4 Rf3f2
30.Nd4xc6 Re8e2
31.Nc6e7 Kg7
32.Rg1g3 Rf2f1
33.Rg3g1 Rf1f2
34.Rg1g3 Re2e1
35.Rg3g1 Re1e2
36.Rg1g3 Rf2f1
37.Rg3g1  { time }
1-0

[Event "Tourn. n9971"]
[Site "www.echecsemail.com"]
[Date "2018.10.25"]
[Round "1"]
[White "Bojan"]
[Black "Dussek"]
[WhiteElo "1920"]
[BlackElo "1900"]
[Result "1-0"]
[Round "1"]
1.e4 c6
2.d4 d5
3.Bf1d3 dxe4
4.Bd3xe4 Ng8f6
5.Be4f3 Bc8g4
6.Bf3xg4 Nf6xg4
7.Qd1xg4 g6
8.Ng1f3 Bf8g7
9.c3 O-O
10.O-O Nb8d7
11.Bc1f4 Nd7f6
12.Qg4h4 Nf6e4
13.Nb1d2 Bg7f6
14.Qh4h3 Ne4xd2
15.Bf4xd2 Qd8b6
16.Ra1b1 Ra8d8
17.Bd2e3 a6
18.d5 Qb6c7
19.dxc6 Qc7xc6
20.Rf1e1 e6
21.Be3h6 Rf8e8
22.Bh6g5 Kg7
23.Qh3h6 Kg8
24.Bg5xf6 { resign }
1-0

[Event "Tourn. n9919"]
[Site "www.echecsemail.com"]
[Date "2018.10.25"]
[Round "1"]
[White "Awfen"]
[Black "Kevinking"]
[WhiteElo "2080"]
[BlackElo "1970"]
[Result "0-1"]
[Round "1"]
1.e4 e6
2.d4 d5
3.e5 c5
4.c3 Nb8c6
5.Ng1f3 Bc8d7
6.Bf1e2 Ng8e7
7.O-O cxd4
8.cxd4 Ne7f5
9.Nb1c3 Bf8e7
10.a3 O-O
11.Bc1d2 Nf5xd4
12.Nf3xd4 Nc6xd4
13.Be2h5 Nd4c6
14.Rf1e1 a6
15.f4 f5
16.Re1e3 d4
17.Re3g3 dxc3
18.Bd2xc3 Be7c5
19.Kh1 Qd8e7
20.Rg3h3 Ra8d8
21.Qd1e1 b5
22.Qe1g3 Bd7e8
23.Bh5f3 Rd8d3
24.Qg3e1 Rd3d8
25.Qe1g3 Nc6d4
26.Bf3h5 Be8xh5
27.Rh3xh5 g6
28.Rh5h3 Nd4e2
29.Qg3f3 Ne2xc3
30.Qf3xc3 Bc5d4
31.Qc3c2 Rd8c8
32.Qc2d1 Qe7c7
33.Rh3d3 Bd4xb2
34.Ra1b1 Qc7c2
35.Qd1xc2 Rc8xc2
36.g3 Rf8c8
37.Rb1xb2 Rc2xb2
{ resign }
0-1

[Event "Match"]
[Site "www.echecsemail.com"]
[Date "2018.10.25"]
[Round "1"]
[White "Sachpat"]
[Black "Apdash"]
[WhiteElo "2770"]
[BlackElo "2290"]
[Result "1-0"]
[Round "1"]
1.e4 c5
2.Ng1f3 Nb8c6
3.Bf1b5 d6
4.c3 Bc8d7
5.d4 cxd4
6.cxd4 Ng8f6
7.Nb1c3 a6
8.Bb5e2 b5
9.e5 dxe5
10.dxe5 Nf6g4
11.Bc1f4 Qd8b6
12.O-O Bd7e6
13.h3 Ra8d8
14.Qd1c1 Ng4h6
15.a4 b4
16.a5 Qb6c5
17.Bf4e3 Nc6d4
18.Nf3xd4 Rd8xd4
19.Be3xd4 Qc5xd4
20.Nc3b5 Qd4xe5
21.Qc1c6 { resign }
1-0

[Event "1/128 Finale"]
[Site "www.chess-mail.com"]
[Date "2018.10.25"]
[Round "1"]
[White "Hennie4820"]
[Black "Julian"]
[WhiteElo "1990"]
[BlackElo "1770"]
[Result "1-0"]
[Round "1"]
1.e4 e5
2.Ng1f3 Nb8c6
3.Bf1c4 Ng8f6
4.d4 exd4
5.e5 Nf6g4
6.O-O Ng4xe5
7.Nf3xe5 Nc6xe5
8.Rf1e1 d6
9.f4 Bc8e6
10.Bc4xe6 fxe6
11.fxe5 d5
12.Qd1xd4 c5
13.Qd4a4 Qd8d7
14.Qa4xd7 Kxd7
15.Bc1f4 Bf8e7
16.Nb1c3 a6
17.Ra1d1 Kc6
18.g3 Ra8f8
19.a3 b5
20.Kg2 b4
21.axb4 cxb4
22.Nc3a4 Rf8c8
23.Bf4e3 Kb5
24.b3 Rc8xc2
25.Rd1d2 Rh8c8
26.Re1e2 Rc2xd2
27.Re2xd2 Rc8f8
28.h4 Rf8c8
29.Rd2d4 Rc8c2
30.Kh3 Rc2e2
31.Be3f4 Re2e4
32.Rd4d3 Re4xf4
33.gxf4 { resign }
1-0

[Event "Tourn. n9911"]
[Site "www.echecsemail.com"]
[Date "2018.10.26"]
[Round "1"]
[White "Alessiov"]
[Black "Aniruddhadg"]
[WhiteElo "2260"]
[BlackElo "2600"]
[Result "1-0"]
[Round "1"]
1.e4 c5
2.Ng1f3 d6
3.d4 cxd4
4.Nf3xd4 Ng8f6
5.Nb1c3 a6
6.Bc1e3 e6
7.f3 b5
8.Qd1d2 Nb8d7
9.O-O-O Bc8b7
10.a3 Ra8c8
11.Kb1 Bf8e7
12.g4 Nd7e5
13.Rh1g1 Nf6d7
14.f4 Ne5c4
15.Bf1xc4 Rc8xc4
16.g5 Nd7b6
17.f5 b4
18.fxe6 O-O
19.axb4 Rc4xb4
20.b3 Nb6c4
21.Qd2e2 Qd8a5
22.Rd1f1 Nc4xe3
23.Qe2xe3 Qa5e5
24.Rf1xf7 Rf8xf7
25.exf7 Kxf7
26.Rg1f1 Ke8
27.Nd4f5 Bb7xe4
28.Nc3xe4 Rb4xe4
29.Nf5xg7  { time }
1-0

[Event "Tourn. n9978"]
[Site "www.echecsemail.com"]
[Date "2018.10.26"]
[Round "1"]
[White "Cal"]
[Black "Tbsundar"]
[WhiteElo "1740"]
[BlackElo "1880"]
[Result "0-1"]
[Round "1"]
1.c4 e5
2.e4 Ng8f6
3.d3 Bf8c5
4.a3 Nb8c6
5.Bc1g5 d6
6.Nb1c3 h6
7.Bg5xf6 Qd8xf6
8.Ng1f3 Bc8g4
9.Bf1e2 Nc6e7
10.Nf3d2 Qf6xf2
{ resign }
0-1

[Event "Match"]
[Site "www.echecsemail.com"]
[Date "2018.10.26"]
[Round "1"]
[White "Ketchuplover"]
[Black "Zack1984"]
[WhiteElo "1980"]
[BlackElo "1930"]
[Result "0-1"]
[Round "1"]
1.c4 Ng8f6
2.Nb1c3 c5
3.g3 d5
4.Bf1g2 d4
5.Qd1a4 Bc8d7
6.Bg2xb7 Bd7xa4
7.Nc3xa4 Nb8d7
8.Bb7xa8 Qd8xa8
9.Ng1f3 d3
10.b3 dxe2
{ resign }
0-1

[Event "Match"]
[Site "www.echecsemail.com"]
[Date "2018.10.26"]
[Round "1"]
[White "Apdash"]
[Black "Guidom"]
[WhiteElo "2190"]
[BlackElo "2110"]
[Result "1-0"]
[Round "1"]
1.d4 d5
2.c4 dxc4
3.Nb1c3 Ng8f6
4.e4 e6
5.Bf1xc4 c6
6.Bc1g5 Bf8e7
7.Qd1d2 Nf6xe4
8.Nc3xe4 Be7xg5
9.Ne4xg5 O-O
10.Ng1f3 h6
11.Ng5e4 Nb8d7
12.O-O Nd7b6
13.Bc4b3 Bc8d7
14.Ne4c5 Qd8c7
15.Rf1e1 Nb6d5
16.Nf3e5 Bd7e8
17.f4 b6
18.Nc5a6 Qc7b7
19.Bb3c4 Ra8d8
20.Ra1d1 b5
21.Na6c5 Qb7b6
22.Bc4b3 a5
23.Bb3c2 Nd5f6
24.f5 exf5
25.Bc2xf5 a4
26.b4 Nf6d5
27.Ne5g4 Rd8d6
28.Re1e5 Qb6c7
29.Rd1e1 Qc7b8
30.a3 h5
31.Ng4e3 Nd5xe3
32.Qd2xe3 Rd6d8
33.Re5e7 f6
34.Nc5e6 Be8f7
35.Ne6xf8 Rd8xf8
36.Bf5e6 Qb8d6
37.Be6xf7 Rf8xf7
38.Re7xf7 Kxf7
39.Qe3e8 { resign }
1-0

[Event "Match"]
[Site "www.echecsemail.com"]
[Date "2018.10.26"]
[Round "1"]
[White "Caspito"]
[Black "Telexmweene"]
[WhiteElo "1820"]
[BlackElo "1499"]
[Result "0-1"]
[Round "1"]
1.e4 c5
2.b3 e5
3.Bc1b2 d6
4.Qd1f3 Ng8f6
5.Nb1c3 a6
6.Bf1c4 Nb8c6
7.Ng1e2 Bc8g4
8.Qf3g3 Bg4xe2
9.Nc3xe2 Nf6xe4
10.Qg3f3 d5
11.Bc4d3 Ne4g5
12.Qf3g4 e4
13.Bd3xe4 dxe4
14.O-O h6
15.Ra1d1 Bf8d6
16.Bb2xg7 Rh8g8
17.Qg4h4 Ng5f3
{ resign }
0-1

[Event "Tourn. n9952"]
[Site "www.echecsemail.com"]
[Date "2018.10.26"]
[Round "1"]
[White "Cal"]
[Black "Hansen"]
[WhiteElo "1680"]
[BlackElo "1610"]
[Result "1-0"]
[Round "1"]
1.Nb1c3 Ng8f6
2.e4 e5
3.d3 Bf8b4
4.Bc1d2 d5
5.Nc3xd5 Nf6xd5
6.exd5 Bb4xd2
7.Qd1xd2 Qd8xd5
8.Ng1f3 h6
9.Bf1e2 O-O
10.c4 Qd5e6
11.b3 Rf8d8
12.O-O e4
13.Nf3e1 Nb8c6
14.Qd2c3 Qe6g6
15.f4 a5
16.a3 Bc8h3
17.dxe4 Rd8e8
18.Qc3xh3 Qg6xe4
19.Qh3g4 Nc6d4
20.Be2d3 Qe4e3
21.Kh1 Ra8d8
22.f5 f6
23.b4 Nd4b3
24.Ra1b1 Nb3d2
25.Ne1c2 Qe3xd3
26.h3 Re8e4
27.Rf1f4 Rd8e8
28.Rb1c1 g5
29.fxg6 Qd3xc4
30.Rf4xe4 Re8xe4
31.Qg4c8 Kg7
32.Qc8d7 Kxg6
33.Qd7xd2 Qc4c6
34.Nc2e3 Qc6a4
35.Rc1c3 axb4
36.Rc3xc7 Qa4xa3
37.Ne3g4 Kf5
38.Ng4xh6 Kg6
39.Rc7xb7 b3
40.Qd2d3 Qa3c1
41.Kh2 Qc1f4
42.Qd3g3 Qf4g5
43.Nh6g4 Re4e3
44.Ng4xe3 Qg5xg3
45.Kxg3 { resign }
1-0

[Event "Tourn. n9950"]
[Site "www.echecsemail.com"]
[Date "2018.10.26"]
[Round "1"]
[White "Conde7"]
[Black "Szustan"]
[WhiteElo "2810"]
[BlackElo "2570"]
[Result "1/2-1/2"]
[Round "1"]
1.a3 e6
2.d4 d5
3.Ng1f3 Ng8f6
4.e3 Bf8e7
5.c4 O-O
6.b3 Nb8d7
7.Bc1b2 b6
8.Bf1d3 Bc8b7
9.O-O c5
10.Qd1e2 Nf6e4
11.Rf1d1 Ra8c8
12.cxd5 Bb7xd5
13.a4 Be7f6
14.Bd3xe4 Bd5xe4
15.Nb1c3 Be4a8
16.Nc3b5 Ba8d5
17.Nf3d2 cxd4
18.Nb5xd4 Bf6xd4
19.Bb2xd4 e5
20.Bd4b2 Rf8e8
21.Bb2a3 h6
22.h3 Nd7f6
23.Nd2c4 Bd5xc4
24.bxc4 Qd8c7
25.Ra1c1 Qc7c6
26.a5 bxa5
{ draw }
1/2-1/2

[Event "Tourn. n9954"]
[Site "www.echecsemail.com"]
[Date "2018.10.26"]
[Round "1"]
[White "Jesmantiz"]
[Black "Comrade"]
[WhiteElo "2260"]
[BlackElo "2240"]
[Result "0-1"]
[Round "1"]
1.d4 d5
2.e3 e6
3.Bf1d3 c5
4.c3 Ng8f6
5.Nb1d2 cxd4
6.cxd4 Nb8c6
7.f4 Nc6b4
8.Bd3b1 Qd8a5
9.Ng1f3 Nf6g4
10.O-O Bc8d7
11.Nd2b3 Qa5a6
12.a3 Nb4c6
13.Bc1d2 Bf8e7
14.Nf3e1 f5
15.Ne1d3 b6
 { time }
0-1

[Event "Tourn. n9972"]
[Site "www.echecsemail.com"]
[Date "2018.10.26"]
[Round "1"]
[White "Orhany24"]
[Black "Apdash"]
[WhiteElo "2050"]
[BlackElo "2200"]
[Result "0-1"]
[Round "1"]
1.e4 c5
2.Ng1f3 d6
3.d4 cxd4
4.Nf3xd4 Bc8d7
5.Bf1c4 e6
6.O-O Nb8c6
7.Bc1e3 Nc6e5
8.Bc4e2 Ng8f6
9.f3 d5
10.Nb1c3 a6
11.a3 Bf8d6
12.Kh1 dxe4
13.fxe4 Qd8c7
14.h3 O-O
15.Nd4f3 Ra8d8
16.Qd1e1 Bd7c6
17.Be2d3 Nf6h5
18.Be3f2 Ne5xd3
19.cxd3 Bd6g3
20.Nc3e2 Bg3xf2
21.Qe1xf2 Rd8xd3
22.Ra1c1 f5
23.exf5 Rf8xf5
24.Ne2d4 Rd3xd4
25.Qf2xd4 Nh5g3
{ resign }
0-1

[Event "Tourn. n9959"]
[Site "www.echecsemail.com"]
[Date "2018.10.26"]
[Round "1"]
[White "Cal"]
[Black "Coraza"]
[WhiteElo "1700"]
[BlackElo "1790"]
[Result "0-1"]
[Round "1"]
1.c4 e5
2.e4 Ng8f6
3.d3 Bf8b4
4.Bc1d2 Bb4c5
5.h3 c6
6.Ng1f3 Qd8b6
7.Bd2c3 Bc5xf2
8.Kd2 Qb6e3
9.Kc2 Qe3b6
10.Nb1d2 Bf2e3
11.Nd2b3 O-O
12.Nf3xe5 d6
13.Ne5f3 Bc8e6
14.Bc3xf6 gxf6
15.g4 Qb6b4
16.Rh1h2 Be3f4
17.a3 Qb4a4
18.Nf3d4 Bf4xh2
19.Qd1f3 Nb8d7
20.h4 Nd7e5
21.Qf3xf6 c5
22.Nd4b5 Ne5xg4
23.Nb5xd6 Ng4xf6
24.Bf1e2 Bh2xd6
25.h5 Bd6f4
26.Ra1f1 Bf4e5
27.h6 b5
28.Rf1g1 Kh8
29.Be2d1 bxc4
30.dxc4 Qa4xc4
31.Kb1 Qc4d3
32.Bd1c2 Qd3e3
33.Rg1h1 Nf6xe4
34.Rh1d1 Be6xb3
35.Bc2xb3 Qe3xb3
36.Rd1d2 Ne4xd2
37.Kc1 Qb3xb2
38.Kd1 Ra8d8
39.a4 Nd2e4
40.Ke1 Qb2d2
41.Kf1 Qd2f2
{ resign }
0-1

[Event "Tourn. n9920"]
[Site "www.echecsemail.com"]
[Date "2018.10.26"]
[Round "1"]
[White "Picifarkinca"]
[Black "Rav"]
[WhiteElo "1440"]
[BlackElo "1499"]
[Result "1-0"]
[Round "1"]
1.d4 d5
2.c4 c6
3.cxd5 cxd5
4.Nb1c3 Ng8f6
5.Bc1f4 Bc8f5
6.Ng1f3 a6
7.e3 e6
8.Bf1d3 Bf5xd3
9.Qd1xd3 Bf8e7
10.h3 Nb8c6
11.a3 O-O
12.O-O Ra8c8
13.Ra1d1  { time }
1-0

[Event "Tourn. n9911"]
[Site "www.echecsemail.com"]
[Date "2018.10.26"]
[Round "1"]
[White "Paulsyd"]
[Black "Alessiov"]
[WhiteElo "2620"]
[BlackElo "2260"]
[Result "1-0"]
[Round "1"]
1.e4 e5
2.Ng1f3 Nb8c6
3.Bf1c4 Ng8f6
4.d3 Bf8c5
5.Bc1g5 h6
6.Bg5h4 d6
7.c3 g5
8.Bh4g3 O-O
9.O-O g4
10.Nf3h4 Nf6h5
11.b4 Bc5b6
12.a4 a6
13.Nb1a3 Qd8g5
14.Rf1e1 Kh8
15.Bc4b3 Nh5xg3
16.hxg3 Qg5f6
17.Re1f1 Bc8e6
18.Kh2  { time }
1-0

[Event "1/128 Finale"]
[Site "www.chess-mail.com"]
[Date "2018.10.26"]
[Round "1"]
[White "Bojan"]
[Black "Cal"]
[WhiteElo "1910"]
[BlackElo "1770"]
[Result "1-0"]
[Round "1"]
1.e4 e5
2.Ng1f3 d6
3.d4 exd4
4.Nf3xd4 h6
5.Nb1c3 Ng8f6
6.Bf1d3 Bc8g4
7.f3 Bg4h5
8.Bc1e3 a6
9.Nc3e2 c5
10.Nd4b3 Nb8c6
11.a3 Bf8e7
12.Ne2f4 O-O
13.h3 Nc6e5
14.Bd3e2 b6
15.g4 Bh5g6
16.Nf4xg6 fxg6
17.g5 Nf6h5
18.gxh6 b5
19.hxg7 Nh5xg7
20.Qd1d5 Ne5f7
21.Rh1g1 c4
22.Nb3d4 Kh7
23.Nd4e6 Qd8a5
24.c3 Ng7xe6
25.Qd5xe6 Nf7h8
26.Qe6xe7 Rf8f7
27.Qe7h4 Kg7
28.Be3d4 { resign }
1-0

[Event "Fast Game"]
[Site "www.echecsemail.com"]
[Date "2018.10.26"]
[Round "1"]
[White "Hennie4820"]
[Black "Apdash"]
[WhiteElo "1650"]
[BlackElo "1830"]
[Result "1/2-1/2"]
[Round "1"]
1.e4 c5
2.Ng1f3 Nb8c6
3.d4 cxd4
4.Nf3xd4 d6
5.c4 g6
6.Nb1c3 Bf8g7
7.Bc1e3 Ng8f6
8.f3 O-O
9.Qd1d2 Nc6xd4
10.Be3xd4 Bc8d7
11.O-O-O a6
12.Kb1 Qd8a5
13.Nc3d5 Qa5xd2
14.Nd5xe7 Kh8
15.Rd1xd2 b5
16.Ne7d5 bxc4
17.Bf1xc4 Nf6xd5
18.Bd4xg7 Kxg7
19.Rd2xd5 Bd7e6
20.Rd5d4 Rf8d8
21.Rh1d1 Be6xc4
22.Rd4xc4 Kf6
23.Rc4c6 Ke7
24.Rd1d5 Rd8d7
25.Rd5a5 Rd7a7
26.Ra5a3 Kd7
27.Rc6b6 Kc7
28.Ra3b3 a5
29.Rb6b5 h5
30.Rb3c3 Kd7
31.Rb5d5 Ke6
32.Rc3d3 Ra7a6
{ draw }
1/2-1/2

[Event "Tourn. n9970"]
[Site "www.echecsemail.com"]
[Date "2018.10.27"]
[Round "1"]
[White "Ff333"]
[Black "Lucaschess"]
[WhiteElo "2070"]
[BlackElo "2010"]
[Result "1-0"]
[Round "1"]
1.e4 d5
2.e5 c5
3.d4 cxd4
4.Qd1xd4 Nb8c6
5.Bf1b5 a6
6.Bb5xc6 bxc6
7.Ng1f3 Bc8f5
8.Qd4c5 Qd8c7
9.O-O e6
10.Qc5c3 Ng8e7
11.Bc1f4 Ne7g6
12.Bf4g3  { time }
1-0

[Event "Match"]
[Site "www.echecsemail.com"]
[Date "2018.10.27"]
[Round "1"]
[White "Lug47"]
[Black "Sonny1000"]
[WhiteElo "1490"]
[BlackElo "1600"]
[Result "0-1"]
[Round "1"]
1.d4 d5
2.Nb1c3 c6
3.Bc1e3 Bc8g4
4.Be3f4 Nb8a6
5.f3 Bg4f5
6.e4 dxe4
7.Qd1d3 exd3
8.Bf1xd3 Qd8xd4
9.Ng1e2 Qd4b4
10.a3 Qb4xb2
11.Ra1b1 Qb2xa3
12.Kd2 Bf5xd3
13.cxd3 Qa3c5
14.Rb1c1 Qc5f2
15.Bf4e3 Qf2xg2
16.Rh1g1 Qg2xh2
17.Rg1h1 Qh2d6
18.Rh1d1 Ra8d8
19.Rc1c2 Qd6xd3
20.Kc1 Qd3xe3
21.Rc2d2 Rd8xd2
22.Rd1xd2 Qe3xf3
 { time }
0-1

[Event "Tourn. n9901"]
[Site "www.echecsemail.com"]
[Date "2018.10.27"]
[Round "1"]
[White "Madz123456"]
[Black "Deneb"]
[WhiteElo "1660"]
[BlackElo "1600"]
[Result "1-0"]
[Round "1"]
1.e4 c5
2.Ng1f3 d6
3.Nb1c3 a6
4.d4 cxd4
5.Nf3xd4 Ng8f6
6.Bf1e2 e5
7.Nd4b3 b5
8.O-O Bc8b7
9.Rf1e1 Bf8e7
10.Nc3d5 Nf6xd5
11.exd5 Nb8d7
12.a4 b4
13.a5 Nd7f6
14.Be2f3 Qd8d7
15.Bc1g5 O-O
16.Bg5xf6 Be7xf6
17.Re1e4 Bf6d8
18.Re4xb4 f5
19.Nb3d2 Ra8c8
20.Nd2c4 Rc8c7
21.c3 e4
22.Bf3e2 Qd7e7
23.Qd1d2 Rf8f6
24.Qd2f4 g6
25.Ra1d1 Kf8
26.h4 Kg7
27.Rb4a4 Kg8
28.b4  { time }
1-0

[Event "Match"]
[Site "www.echecsemail.com"]
[Date "2018.10.27"]
[Round "1"]
[White "Micheles"]
[Black "Deneb"]
[WhiteElo "2550"]
[BlackElo "1600"]
[Result "1-0"]
[Round "1"]
1.d4 Ng8f6
2.Ng1f3 d5
3.Nb1d2 e6
4.c3 c5
5.b3 cxd4
6.cxd4 Bc8d7
7.e3 Bf8d6
8.Bc1b2 O-O
9.Bf1d3 Qd8a5
10.a3 Bd7b5
11.Bd3xb5 Qa5xb5
12.Qd1e2 Qb5b6
13.Ra1c1 a5
14.O-O Nb8c6
15.Nf3e5 Rf8c8
16.Rc1c2 Bd6xe5
17.dxe5 Nf6e4
18.Nd2xe4 dxe4
19.Rc2c3 Nc6e7
20.Qe2c2 Rc8xc3
21.Bb2xc3 Ra8c8
22.Rf1c1 Rc8c6
23.Qc2b2 Qb6c7
24.f3 exf3
25.gxf3 h6
26.Kf1 Ne7f5
27.Ke2 Qc7b6
28.Bc3d2 Rc6xc1
29.Bd2xc1 Qb6b5
30.Kf2 Qb5d5
31.Qb2c3 Qd5d1
32.Qc3e1  { time }
1-0

[Event "Tourn. n9968"]
[Site "www.echecsemail.com"]
[Date "2018.10.27"]
[Round "1"]
[White "Coolant"]
[Black "Drawlward"]
[WhiteElo "2330"]
[BlackElo "2690"]
[Result "1-0"]
[Round "1"]
1.e4 c5
2.d4 cxd4
3.Ng1f3 Nb8c6
4.Nf3xd4 Ng8f6
5.Nb1c3 d6
6.Bc1g5 e6
7.Qd1d2 a6
8.O-O-O  { time }
1-0

[Event "Tourn. n9906"]
[Site "www.echecsemail.com"]
[Date "2018.10.27"]
[Round "1"]
[White "Alekpax"]
[Black "Numanoid"]
[WhiteElo "2460"]
[BlackElo "2540"]
[Result "0-1"]
[Round "1"]
1.e4 e6
2.d4 d5
3.Nb1c3 Ng8f6
4.e5 Nf6d7
5.f4 c5
6.Ng1f3 Nb8c6
7.Bc1e3 Bf8e7
8.Qd1d2 O-O
9.dxc5 Nd7xc5
10.O-O-O b6
11.Kb1 Bc8b7
12.Qd2e1 Qd8c8
13.f5 exf5
14.Nc3xd5 Nc5e4
15.Bf1b5 Rf8e8
16.Nd5xe7 Re8xe7
17.Qe1h4 Qc8f8
18.Qh4f4 Qf8c8
19.Bb5xc6 Bb7xc6
20.Rh1g1 Ne4c5
21.Be3xc5 bxc5
22.Nf3h4 g6
23.Rd1d6 Bc6b7
24.a3 Ra8b8
25.g4 fxg4
26.Rg1xg4 Qc8e8
27.Nh4f5 Re7xe5
28.Nf5h6 Kg7
 { time }
0-1

[Event "Match"]
[Site "www.echecsemail.com"]
[Date "2018.10.27"]
[Round "1"]
[White "Apdash"]
[Black "Comrade"]
[WhiteElo "2230"]
[BlackElo "2230"]
[Result "0-1"]
[Round "1"]
1.e4 c5
2.Ng1f3 Nb8c6
3.d4 cxd4
4.Nf3xd4 e5
5.Nd4f5 d6
6.Nf5g3 Ng8f6
7.Nb1c3 Bc8e6
8.Bf1b5 Bf8e7
9.Nc3d5 Be6xd5
10.exd5 Qd8a5
11.c3 Qa5xb5
12.dxc6 bxc6
13.Qd1c2 Qb5b7
14.Ng3f5 O-O
15.O-O Rf8e8
16.Bc1g5 Qb7d7
17.f4 e4
18.Nf5xe7 Qd7xe7
19.Ra1e1 d5
20.Qc2a4 c5
21.Qa4c6 Ra8c8
22.Bg5xf6 Rc8xc6
23.Bf6xe7 Re8xe7
24.Re1d1 Rc6d6
25.Rf1e1 f5
26.Kf2 h5
27.h3 h4
28.g4 hxg3
29.Kxg3 d4
30.cxd4 cxd4
31.Kf2 g5
32.Re1g1 Re7g7
33.fxg5 f4
34.Rg1g4 e3
35.Kf3 d3
36.Rd1xd3 Rd6xd3
37.Rg4xf4 Rg7f7
38.Rf4xf7 Kxf7
39.Ke2 Rd3d2
40.Kxe3 Rd2xb2
41.Kf4 Rb2xa2
42.h4 Kg6
43.Kg4 Ra2a4
44.Kg3 Kh5
45.Kh3 Ra4xh4
{ resign }
0-1

[Event "Tourn. n9968"]
[Site "www.echecsemail.com"]
[Date "2018.10.27"]
[Round "1"]
[White "Drawlward"]
[Black "Dougbeer"]
[WhiteElo "2690"]
[BlackElo "2350"]
[Result "0-1"]
[Round "1"]
1.e4 e6
2.d4 d5
3.Nb1c3 Bf8b4
4.e5 c5
5.a3 Bb4xc3
6.bxc3 Ng8e7
7.Qd1g4 Qd8c7
8.Qg4xg7 Rh8g8
9.Qg7xh7 cxd4
10.Ng1e2 dxc3
 { time }
0-1